| 000 | 01034cam a22003013a 4500 | ||
|---|---|---|---|
| 001 | 1160 | ||
| 005 | 20230908141611.0 | ||
| 020 | _a0307960034X | ||
| 040 |
_aMCP _cMCP _dMnU _dDLC _beng |
||
| 050 | 0 | 0 | _aPZ10.K84 |
| 082 | _aFic | ||
| 100 | 1 | _aKorman, Justine. | |
| 245 | 1 | 4 |
_aThe poky little puppy's first Christmas / _cby Justine Korman ; illustrations by Jean Chandler. |
| 250 | _a1st ed. | ||
| 260 |
_aNew York : _bGolden Books Publishing Company, Inc _c2002 |
||
| 300 |
_a23 unnumbered pages: _bcolor illustrations ; _c21 cm |
||
| 490 | 1 | _aA Little golden book | |
| 505 | _aF | ||
| 520 | _aOn his very first Christmas, the Poky Little Puppy makes a new friend and learns which gifts are the best Christmas gifts of all. | ||
| 521 |
_a300
_bLexile |
||
| 521 |
_aF
_bRaz-Plus |
||
| 650 | 0 |
_aDogs _vJuvenile fiction. |
|
| 650 | 1 |
_aDogs _vFiction. |
|
| 650 | 1 |
_aChristmas _vFiction. |
|
| 700 | 1 |
_aChandler, Jean, _d1927- _eillustrator. |
|
| 906 |
_a7 _bcbc _ccopycat _d4 _eepcn _f20 _gy-gencatlg |
||
| 942 |
_2ddc _cBK _n0 |
||
| 999 |
_c1160 _d1160 |
||